Ciudades del mundo A-Z - Estadísticas

Estadísticas generales
  • Esta prueba ha sido intentada 107 veces
  • La puntuación promedio es 14 de 24
Estadísticas de respuestas
Imagen Respuesta % Correcto
Barcelona
93%
Roma
92%
Atenas
91%
París
91%
Londres
88%
San Francisco
87%
El Cairo
85%
Washington
81%
Madrid
78%
Granada
70%
Kiev
70%
Valencia
69%
Napoles
59%
Habana
56%
Copenhague
51%
Quito
51%
Osaka
45%
Zagreb
37%
Jaén
27%
Dallas
22%
Yakarta
19%
Indianápolis
14%
Ferrol
8%
Tenerife
4%
No se encontraron pruebas coincidentes
Distribución de puntuación
Porcentaje de gente con cada puntuación
Porcentaje por número respondido
Historial de tus puntuaciones
No has intentado esta prueba.